| 000 | 00691nam a2200205 i 4500 | ||
|---|---|---|---|
| 001 | 139191 | ||
| 003 | ES-MaACL | ||
| 005 | 20250928093946.0 | ||
| 007 | t| | ||
| 008 | 070214s1970 sp r ||||1| spa d | ||
| 100 | 1 |
_aSarmiento, Edward. _9103826 |
|
| 245 | 1 | 0 |
_aConcordancias de las obras poéticas en castellano de Garcilaso de la Vega / _crecopiladas por Edward Sarmiento ; edición de Elias L. Rivers. |
| 260 |
_aMadrid : _bCastalia, _c1970. |
||
| 300 |
_a581 p. ; _c25 cm. |
||
| 600 | 0 | 4 |
_aGarcilaso de la Vega, _d1501-1536 _955471 |
| 700 | 1 |
_aRivers, Elias L. _997715 |
|
| 852 |
_aES-MaACL _jC-37697 _bR.73628 |
||
| 852 |
_aES-MaACL _jC-41768 _bR.74281 |
||
| 999 |
_c139191 _d139191 |
||